| Поле | Инд. | ПП | Название | Значение |
|---|---|---|---|---|
| Тип записи | a | |||
| Библиографический уровень | m | |||
| 001 | Контрольный номер | 3fa45136a59e4c12b667c26f7d9040ed | ||
| 005 | Дата корректировки | 20180921121356.4 | ||
| 024 | 80 | a | Стандартный номер | 10.02.19 |
| 040 | a | Служба первич. каталог. | НБ ТвГУ | |
| b | Код языка каталог. | rus | ||
| e | Правила каталог. | PSBO | ||
| 041 | 0_ | a | Код языка текста | rus |
| 080 | a | Индекс УДК | 81'42(043.3) | |
| 080 | a | Индекс УДК | 811.111'42(043.3) | |
| 084 | a | Индекс другой классификации/Индекс ББК | Ш105.51я031 | |
| 084 | a | Индекс другой классификации/Индекс ББК | Ш143.21-51я031 | |
| 090 | a | Полочн. индекс | Ш105.5 | |
| x | Авторский знак | Т 59 | ||
| 097 | b | Оператор | mimoza | |
| 100 | 1_ | a | Автор | Торбик Елена Михайловна |
| q | Полное имя | Торбик Е. М. | ||
| 245 | 10 | a | Заглавие | Персуазивные коммуникативные стратегии в деловом дискурсе (на материале англоязычных проектных заявок) |
| b | Продолж. заглавия | автореферат диссертации ... кандидата филологических наук : 10.02.19 - теория языка | ||
| c | Ответственность | науч. рук. М. В. Китик ; оппоненты: А. О. Стеблецова, С. А. Колосов | ||
| 260 | c | Дата издания | 2016 | |
| a | Место издания | Тверь | ||
| b | Издательство | б. и. | ||
| 300 | a | Объем | 19 с. | |
| b | Иллюстрации/ тип воспроизводства | табл. | ||
| 500 | a | Примечание | На правах рукописи | |
| 653 | 0_ | a | Ключевые слова | Языкознание |
| a | Ключевые слова | Теория языка | ||
| a | Ключевые слова | Лингвистика текста | ||
| a | Ключевые слова | Лингвостилистика | ||
| a | Ключевые слова | Стилистика английского языка | ||
| a | Ключевые слова | Теория дискурса | ||
| a | Ключевые слова | Дискурсология | ||
| a | Ключевые слова | Дискурс | ||
| a | Ключевые слова | Деловой дискурс | ||
| a | Ключевые слова | Официально-деловой стиль | ||
| a | Ключевые слова | Английский язык | ||
| a | Ключевые слова | Авторефераты | ||
| a | Ключевые слова | Кандидатские диссертации | ||
| 700 | 12 | a | Другие авторы | Китик Марина Валериевна |
| e | Роль лиц | науч. рук. | ||
| 700 | 12 | a | Другие авторы | Стеблецова Анна Олеговна |
| e | Роль лиц | оппонент | ||
| 700 | 12 | a | Другие авторы | Колосов Сергей Александрович |
| e | Роль лиц | оппонент | ||
| 710 | 12 | a | Организация/ юрисдикция | Астраханский государственный университет |
| e | Роль коллектива | место выполнения работы | ||
| 710 | 12 | a | Организация/ юрисдикция | Волгоградский государственный университет |
| e | Роль коллектива | ведущая организация | ||
| 710 | 12 | a | Организация/ юрисдикция | Тверской государственный университет |
| e | Роль коллектива | место защиты | ||
| 901 | t | Тип документа | d | |
| 920 | a | Оператор | Семен | |
| a | Оператор | Рунт | ||
| a | Оператор | Стро | ||
| 930 | a | Новая/Ретро | новая | |
| 952 | c | Вид литературы | А/Р н | |
| 954 | b | Дата поступления в ОК | 20180618 | |
| a | Дата поступления на обработку | 20180913 | ||
| c | Дата окончания ОНО | 20180921 |